Statistics for Noise Rock Bands

Click here to take the quiz!

General Stats

  • This quiz has been taken 55 times
  • The average score is 4 of 12

Answer Stats

HintAnswer% Correct
White Light/White Heat (1968)The Velvet Underground
80%
Dirty (1992)Sonic Youth
59%
Songs About Fucking (1987)Big Black
55%
Filth (1983)Swans
45%
Goat (1991)The Jesus Lizard
39%
Cunning Stunts (1992)Cows
31%
Wonderful Rainbow (2003)Lightning Bolt
31%
Two Nuns and a Pack Mule (1988)Rapeman
27%
Skyward in Triumph (1996)godheadSilo
16%
Destroy Me, Lover (1993)Pain Teens
16%
We Are the Lazer Viking (2003)An Albatross
14%
Obey (1995)Brainbombs
14%

Score Distribution

Percentile by Number Answered

Percent of People with Each Score

Your Score History

You have not taken this quiz